000 00770nam a2200253 a 4500
008
020 _a0471043745 (pbk.)
049 _aMAIN
090 _aQA37.2.B34
_bMAT
100 1 _aBajpai, Avi C.
245 1 0 _aMathematics for engineers and scientists :
_ba students' course book /
_cA. C. Bajpai... [et al.]
260 _aLondon :
_bJ. Wiley,
_c1973.
300 _av. 2, various pagination :
_bill. ;
_c25 cm.
650 0 _aMathematics.
650 0 _aMathematics
_xProgrammed instruction.
700 _aWalker, D.
700 1 _aCalus, Irene M.
700 1 _aFairley, J. Alex.
907 _a.b10158236
_b10-04-13
_c08-03-05
003
005 20230123133947.0
040 _cNUST
942 _cBOOKS
_kQA37.2.B34
_mMAT
999 _c157609
_d157609